00620cam a22001691 450000100100000000500170001000800410002704000250006824500430009326000450013630000210018149000650020265000330026765100280030095201050032899900170043300001634420200929164400.0811008s1960 mx 000 0 spa  aDO-SdBNPbspacBNPHU00aHistoriadores y críticos literarios. aPuebla, México :bJ. M. Cajica,c1960. a548 p. ;c22 cm.0 aBiblioteca ecuatoriana mínima, la colonia y la república 0aLiteratura ecuatoriana93938 0aEcuadorxHistoria94781 001050718MOaGRbGRcCTd2010-03-03iLF1l0o p16344-10r2020-06-25w2020-06-25y1ZNo se presta c15879d15879